History of freedom movement in Bangladesh, 1943-1973, some involvement (Record no. 354139)

000 -LEADER
fixed length control field 00401cam a22001217a 4500
008 - FIXED-LENGTH DATA ELEMENTS--GENERAL INFORMATION
fixed length control field 180718b1974 xxu||||| |||| 00| 0 eng d
082 ## - DEWEY DECIMAL CLASSIFICATION NUMBER
Classification number B262x5471 Se55
100 ## - MAIN ENTRY--PERSONAL NAME
Personal name Sen Gupta, Jyoti
245 ## - TITLE STATEMENT
Title History of freedom movement in Bangladesh, 1943-1973, some involvement
Statement of responsibility, etc. by Jyoti Sen Gupta
260 ## - PUBLICATION, DISTRIBUTION, ETC.
Place of publication, distribution, etc. Calcutta
Name of publisher, distributor, etc. Naya Prokash
Date of publication, distribution, etc. 1974
300 ## - PHYSICAL DESCRIPTION
Extent 506p.
650 ## - SUBJECT ADDED ENTRY--TOPICAL TERM
Topical term or geographic name entry element Bangladesh --Politics and government.
Holdings
Withdrawn status Lost status Damaged status Not for loan Permanent Location Current Location Date acquired Full call number Barcode Date last seen Price effective from Koha item type
        Indian Institute of Public Administration Indian Institute of Public Administration 1993-12-07 B262x5471 Se55 49871 2018-07-21 2018-07-21 Book

Powered by Koha